Normal view
MARC view
- Prose poems, American
Entry Topical Term
001 - CONTROL NUMBER
- control field: 10191
003 - CONTROL NUMBER IDENTIFIER
- control field: NUST
005 - DATE AND TIME OF LATEST TRANSACTION
- control field: 20180327052751.0
008 - FIXED-LENGTH DATA ELEMENTS
- fixed length control field: 180327|| aca||aabn | a|a d
040 ## - CATALOGING SOURCE
- Original cataloging agency: NUST
- Transcribing agency: NUST
150 ## - HEADING--TOPICAL TERM
- Topical term or geographic name entry element: Prose poems, American
670 ## - SOURCE DATA FOUND
- Source citation: Work cat.: (NUST): Gibran, Kahlil 10190, The complete works of Kahlil Gibran /, 2013
